1379 1090 1949 1815 1219 1513 1439 1982 1446 1971 1325 1644 1173 1730 1655 1277 1392 1152 1147 1372 1020 1428 1646 1636 1037 1832 1403 1822 1115 1237 1113 1804 1883 1847 1924 1397 1103 1404 1235 1841 1648 1636 1147 1627 1009 1031 1379 1629 1793 1293 1695 1662 1516 1547 1106 1024 1059 1805 1118 1468 1296 1251 1336 1938 1356 1845 1922 1849 1573 1188 1783 1434 1874 1048 1671 1119 1016 1642 1250 1481 1810 1658 1833 1168 1903 1084 1571 1528 1757 1436 1093 1394 1927 1463 1615 1784 1269 1156 1948 BCNSPRNW ULIB Ver.6.0+V

เปลี่ยนเป็นภาษาไทย

Change to English
 แสดงรายละเอียดบรรณานุกรม
  กลับหน้าหลัก

Brief Record : Get Marc (ISO 2709) : E-mail record : QR code < ปิดหน้าต่าง
LEADER : 00000nam 2200000uu 4500
001    13399120846
003     ULIB
008    020711s2546 th a 000 0 tha d
020    9789749144459
050    BF^bป458จ
100    ปริญญา ตันสกุล
245    จิตวิญญาณวิทยา/^cปริญญา ตันสกุล
250    พิมพ์ครั้งที่ 1
260    กรุงเทพฯ :^bจิตจักรวาน,^c2546
945    ^p0^l0^i12650
999    ^aทศพร เกษรทอง
รายการนี้ยังไม่มีแท็ก
คุณยังไม่ได้ล็อกอิน คุณสามารถมีกิจกรรมร่วมกับเว็บไซต์ได้ แต่ต้องล็อกอินก่อน ::
  ล็อกอิน

รายการสื่อสารสนเทศ

ลำดับที่ ประเภท เลขเรียก/บาร์โค้ด สถานที่ สถานะ
1. วิทยาศาสตร์การแพทย์ และสุขภาพ
วิทยาศาสตร์การแพทย์ และสุขภาพ
BF ป458จ  
  Barcode: 12650
ห้องสมุดวิทยาเขตสวรรค์ประชารักษ์
►หนังสือทั่วไป
บนชั้น

BibComment


ยังไม่เคยถูกคอมเมนท์

คอมเมนท์ทรัพยากรรายการนี้
  คอมเมนท์: จิตวิญญาณวิทยา ปร..


 Copyright 2026. Bcnsprnw @Library